[Event "BSenEM 2014"]
[Site "Berlin"]
[Date "2014.01.30"]
[Round "1.50"]
[White "Fleischer, Matthias"]
[Black "Bolle, Dietrich"]
[Result "1-0"]
[WhiteElo "1757"]
[BlackElo "1371"]
[Annotator "Jaeger,André"]
[PlyCount "73"]
[EventDate "2014.01.30"]
[WhiteTeam "SV Einheit Schwerin"]
[BlackTeam "SG Eckturm"]

1. d4 Nf6 2. Nf3 e6 3. Bg5 Bb4+ 4. c3 Be7 5. Nbd2 d5 6. e3 O-O 7. Bd3 Nbd7 8.
O-O c5 9. Qe2 c4 10. Bc2 Re8 11. Rfe1 Qc7 12. e4 dxe4 13. Nxe4 b5 14. Nxf6+
Bxf6 15. Qe4 g6 16. Qxa8 Bxg5 17. Nxg5 Nf6 18. Qf3 Nh5 19. Ne4 Bb7 20. Nf6+
Nxf6 21. Qxf6 Bd5 22. Be4 Qd7 23. Re3 Qd8 24. Qxd8 Rxd8 25. Rae1 Bxe4 26. Rxe4
Rd6 27. f4 Kg7 28. g4 h6 29. h4 a6 30. Re5 Kf6 31. g5+ hxg5 32. hxg5+ Ke7 33.
d5 Kd7 34. dxe6+ fxe6 35. Kf2 Rd2+ 36. R1e2 Rd3 37. Rxe6 1-0

[Event "BSenEM 2014"]
[Site "Berlin"]
[Date "2014.01.30"]
[Round "1.51"]
[White "Schulz, Manfred"]
[Black "Fiedler, Wolfgang"]
[Result "0-1"]
[WhiteElo "1370"]
[BlackElo "1746"]
[Annotator "Jaeger,André"]
[PlyCount "120"]
[EventDate "2014.01.30"]
[WhiteTeam "SK Tempelhof 1931 e.V."]
[BlackTeam "SV Berolina Mitte e.V."]

1. d4 Nf6 2. Nf3 d5 3. e3 Bg4 4. h3 Bxf3 5. Qxf3 c6 6. Bd3 g6 7. Nd2 Bg7 8. c3
Nbd7 9. e4 dxe4 10. Nxe4 O-O 11. O-O Qb6 12. Nxf6+ Nxf6 13. Re1 e6 14. Re2 Nd5
15. Bc4 a5 16. a4 Qc7 17. Bxd5 cxd5 18. Bf4 Qc4 19. Rd2 Rac8 20. Qe2 Rc6 21.
Qxc4 Rxc4 22. Bd6 Rfc8 23. Re2 R8c6 24. Be5 Bf8 25. Kf1 Rb6 26. Ke1 Be7 27. Kd1
Rbc6 28. Bf4 Kg7 29. Bc1 Bf6 30. Bf4 Rb6 31. Ra2 g5 32. Be5 Bxe5 33. Rxe5 f6
34. Re2 Rbc6 35. Kd2 Kf7 36. Re3 Rc8 37. b3 R4c6 38. g4 Rb8 39. Ra1 b5 40. axb5
Rxb5 41. Ra3 Rcb6 42. Kc2 h6 43. Re1 Ke7 44. Rb1 Kd6 45. Rba1 e5 46. Rxa5 Rxb3
47. Ra6 Rb2+ 48. Kd3 e4+ 49. Ke3 Kc6 50. Rxb6+ Kxb6 51. Ra8 Kc7 52. Rf8 Rc2 53.
Rxf6 Rxc3+ 54. Ke2 Rxh3 55. Rf5 Kc6 56. Rf6+ Kb5 57. Kf1 Kc4 58. Kg2 Rh4 59. f3
e3 60. Kf1 Kxd4 0-1

[Event "BSenEM 2014"]
[Site "Berlin"]
[Date "2014.01.30"]
[Round "1.52"]
[White "Kohlmeyer, Dagobert"]
[Black "Geist, Wolfgang"]
[Result "1-0"]
[WhiteElo "1739"]
[BlackElo "1359"]
[Annotator "Jaeger,André"]
[PlyCount "65"]
[EventDate "2014.01.30"]
[WhiteTeam "SC Rochade e.V."]
[BlackTeam "SC Weisse Dame e.V."]

1. e4 d5 2. exd5 Nf6 3. d4 Bg4 4. Nf3 Qxd5 5. Be2 c6 6. Nc3 Qe6 7. O-O Bxf3 8.
Bxf3 Qd6 9. Re1 e6 10. g3 Be7 11. Bf4 Qd7 12. Qd3 O-O 13. Be5 Na6 14. a3 Rad8
15. Rad1 Nc7 16. h4 Ncd5 17. Ne4 Nxe4 18. Bxe4 f5 19. Bxd5 cxd5 20. Qe2 Rde8
21. Rd3 Bd6 22. Rc3 a6 23. Re3 Bxe5 24. Rxe5 Rf6 25. c4 dxc4 26. Qxc4 Qc6 27.
Qe2 Kf7 28. d5 Qd6 29. dxe6+ Rexe6 30. Qh5+ Kf8 31. Rxe6 Rxe6 32. Qxf5+ Rf6 33.
Qc8+ 1-0

[Event "BSenEM 2014"]
[Site "Berlin"]
[Date "2014.01.30"]
[Round "1.53"]
[White "Scheumann, Joachim"]
[Black "Rehder, Frank"]
[Result "0-1"]
[WhiteElo "1350"]
[BlackElo "1722"]
[Annotator "Jaeger,André"]
[PlyCount "116"]
[EventDate "2014.01.30"]
[WhiteTeam "Godesberger SK 1929 e.V."]
[BlackTeam "SC Zugzwang 95 e.V."]

1. c4 Nf6 2. Nc3 g6 3. e4 d6 4. h3 Bg7 5. g3 O-O 6. Bg2 e5 7. Nge2 Be6 8. d3
Qc8 9. f4 Nc6 10. Nd5 Ne8 11. Rb1 a5 12. Be3 f5 13. exf5 Bxf5 14. Nec3 Rf7 15.
g4 Bd7 16. O-O exf4 17. Rxf4 Rxf4 18. Bxf4 Bd4+ 19. Kh2 Qd8 20. g5 Bf5 21. Ne4
Kh8 22. Qe2 Bg7 23. b3 Nd4 24. Qf2 Ne6 25. Kh1 Bxe4 26. Bxe4 c6 27. Ne3 N8c7
28. Qh4 Nxf4 29. Qxf4 Ne6 30. Qg4 Nxg5 31. Bg2 Nf7 32. d4 Qc8 33. Qf4 Qd7 34.
Rf1 Rf8 35. Qg4 Qxg4 36. Nxg4 Bxd4 37. Nh6 Kg7 38. Rxf7+ Rxf7 39. Nxf7 Kxf7 40.
a4 Kf6 41. Bf3 Ke5 42. Kg2 Be3 43. Kg3 Kd4 44. h4 Kd3 45. Kg4 h5+ 46. Kg3 Kc2
47. Be4+ Kxb3 48. Bxg6 Kxc4 49. Kf3 Bh6 50. Bxh5 b5 51. axb5 cxb5 52. Bf7+ d5
53. Ke2 b4 54. Kd1 b3 55. Bg6 a4 56. Bb1 a3 57. Ke2 a2 58. Bd3+ Kc3 0-1

[Event "BSenEM 2014"]
[Site "Berlin"]
[Date "2014.01.30"]
[Round "1.54"]
[White "Kohlstadt-Erlebach, Paul"]
[Black "Paris, Gerhard"]
[Result "1-0"]
[WhiteElo "1722"]
[BlackElo "1345"]
[Annotator "Jaeger,André"]
[PlyCount "82"]
[EventDate "2014.01.30"]
[WhiteTeam "SK Tempelhof 1931 e.V."]
[BlackTeam "TSG Oberschöneweide e.V."]

1. e4 e5 2. Nf3 d6 3. h3 Nf6 4. Nc3 c5 5. Bc4 Nc6 6. Ng5 Be6 7. Bxe6 fxe6 8.
Nxe6 Qe7 9. Nxf8 Rxf8 10. O-O O-O-O 11. d3 Qf7 12. Bg5 Qg6 13. Bxf6 Rxf6 14.
Nd5 Rf7 15. c3 Rdf8 16. Qg4+ Qxg4 17. hxg4 g5 18. a3 Kd7 19. Rab1 Ne7 20. Ne3
Ng6 21. g3 Kc6 22. Nf5 Ne7 23. Ne3 b6 24. Rbd1 d5 25. exd5+ Nxd5 26. Nc4 Re7
27. Rde1 Rfe8 28. Nd2 Nf6 29. f3 h5 30. gxh5 Nxh5 31. Kg2 Rd7 32. Nc4 Kc7 33.
Rxe5 Rg8 34. Rh1 Rh7 35. Kf2 Rgh8 36. Rxg5 Nf6 37. Rxh7+ Rxh7 38. Kg2 Re7 39.
Ne5 Kd6 40. f4 Nd5 41. Rg6+ Kc7 1-0

[Event "BSenEM 2014"]
[Site "Berlin"]
[Date "2014.01.30"]
[Round "1.55"]
[White "Burkert, Wolfgang"]
[Black "Kolkwitz, Klaus"]
[Result "0-1"]
[WhiteElo "1345"]
[BlackElo "1720"]
[Annotator "Jaeger,André"]
[PlyCount "48"]
[EventDate "2014.01.30"]
[WhiteTeam "SG Weißensee 49 e.V."]
[BlackTeam "ESV 1949 Eberswalde e.V."]

1. e4 d6 2. d4 g6 3. Nc3 Nf6 4. Nf3 Bg7 5. Bc4 O-O 6. Be3 c6 7. h3 d5 8. exd5
cxd5 9. Bb3 Nc6 10. Qd2 Na5 11. Bg5 Nxb3 12. axb3 Ne4 13. Qe3 Nxg5 14. Qxg5 e6
15. Qxd8 Rxd8 16. O-O Bd7 17. Rfe1 a6 18. Ne5 Rac8 19. Rac1 Bf8 20. Na4 Bxa4
21. bxa4 Bh6 22. Rb1 Rxc2 23. Rf1 Rdc8 24. Ng4 Bg7 0-1

[Event "BSenEM 2014"]
[Site "Berlin"]
[Date "2014.01.30"]
[Round "1.56"]
[White "Gremm, Albert Jürgen"]
[Black "David, Heinz-Dieter"]
[Result "1-0"]
[WhiteElo "1718"]
[BlackElo "1336"]
[Annotator "Jaeger,André"]
[PlyCount "47"]
[EventDate "2014.01.30"]
[WhiteTeam "SC Kreuzberg e.V."]
[BlackTeam "SKV Bad Freienwalde/Oder e.V."]

1. d4 d5 2. e4 dxe4 3. Nc3 Nc6 4. d5 Nb8 5. f3 exf3 6. Nxf3 e6 7. Bc4 Qe7 8.
O-O Qc5+ 9. Kh1 Qxc4 10. Ne5 Qh4 11. Nxf7 Bd6 12. Nxd6+ cxd6 13. dxe6 Qe7 14.
Nd5 Qd8 15. Qh5+ g6 16. Qf3 Nf6 17. Nxf6+ Ke7 18. Nd5+ Kxe6 19. Qf7+ Ke5 20. c3
Be6 21. Re1+ Kxd5 22. Qxe6+ Kc6 23. Bh6 Qd7 24. Qc4+ 1-0

[Event "BSenEM 2014"]
[Site "Berlin"]
[Date "2014.01.30"]
[Round "1.57"]
[White "Thur, Herbert"]
[Black "Kornath, Heinrich"]
[Result "1/2-1/2"]
[WhiteElo "1332"]
[BlackElo "1716"]
[Annotator "Jaeger,André"]
[PlyCount "77"]
[EventDate "2014.01.30"]
[WhiteTeam "SF Friedrichshagen"]
[BlackTeam "SG Eckturm"]

1. d4 Nf6 2. Bf4 g6 3. e3 c6 4. c4 Bg7 5. Nc3 O-O 6. Bd3 d5 7. c5 Nbd7 8. Nf3
b6 9. b4 a5 10. a3 Nh5 11. O-O bxc5 12. bxc5 Nxc5 13. Rb1 Nxd3 14. Qxd3 Nxf4
15. exf4 Ba6 16. Qe3 Bxf1 17. Kxf1 Qd6 18. g3 Rab8 19. Qc1 Rxb1 20. Nxb1 Rb8
21. Kg2 Rb5 22. Ne5 c5 23. dxc5 Rxc5 24. Qb2 Qc7 25. Qe2 Rc2 26. Qd3 Qc5 27.
Ng4 h5 28. Ne3 Bd4 29. Nxc2 Bxf2 30. Qe2 Bd4 31. Nxd4 Qxd4 32. Nd2 e6 33. Nf3
Qc3 34. a4 Qb3 35. Qb5 Qc2+ 36. Kh3 Qf5+ 37. Kg2 Qc2+ 38. Kh3 Qf5+ 39. Kg2
1/2-1/2

[Event "BSenEM 2014"]
[Site "Berlin"]
[Date "2014.01.30"]
[Round "1.60"]
[White "Herrmann, Eberhard"]
[Black "Stiemerling, Karl-Heinz"]
[Result "1-0"]
[WhiteElo "1705"]
[BlackElo "1313"]
[Annotator "Jaeger,André"]
[PlyCount "81"]
[EventDate "2014.01.30"]
[WhiteTeam "SC Friesen Lichtenberg e.V."]
[BlackTeam "SG Eckturm"]

1. e4 c5 2. Nc3 Nc6 3. d3 e6 4. f4 d6 5. Nf3 Be7 6. Be2 Nd4 7. O-O Nf6 8. Nxd4
cxd4 9. Nb1 Bd7 10. Nd2 e5 11. Nf3 Qc7 12. Bd2 Rc8 13. Rc1 Qb6 14. fxe5 dxe5
15. Bg5 Qe6 16. a3 h6 17. Bh4 Ng4 18. Qd2 Bxh4 19. Nxh4 Ne3 20. Rf2 g6 21. h3
Qe7 22. Nf3 g5 23. c3 g4 24. hxg4 Nxg4 25. Rff1 Ne3 26. Rfe1 Rg8 27. Bf1 Bg4
28. cxd4 Nxf1 29. Rxf1 Rxc1 30. Qxc1 exd4 31. Nxd4 Qd6 32. Qc4 Qd7 33. Rf2 a6
34. Nf5 Bxf5 35. Rxf5 b5 36. Qc5 Rg6 37. d4 Rc6 38. Qe5+ Re6 39. Qh8+ Ke7 40.
Qg7 Ke8 41. Qg8+ 1-0

[Event "BSenEM 2014"]
[Site "Berlin"]
[Date "2014.01.30"]
[Round "1.61"]
[White "Türk, Bernhard"]
[Black "Metzger, Eberhard"]
[Result "1/2-1/2"]
[WhiteElo "1294"]
[BlackElo "1704"]
[Annotator "Jaeger,André"]
[PlyCount "80"]
[EventDate "2014.01.30"]
[WhiteTeam "SC Eintracht Berlin e.V."]
[BlackTeam "SV Werder/H."]

1. d4 g6 2. c4 Bg7 3. Nf3 d6 4. Nc3 Nd7 5. e4 e6 6. Bd3 Ne7 7. O-O O-O 8. Re1
b6 9. e5 dxe5 10. dxe5 a6 11. b4 Bb7 12. Bf4 c5 13. a3 cxb4 14. axb4 Qc7 15.
Rc1 Rfd8 16. Qe2 Nc6 17. b5 Nb4 18. Be4 Nc5 19. Red1 a5 20. Bxb7 Qxb7 21. Nd4
Rd7 22. Bg5 Qc7 23. Qf3 Rc8 24. Bf6 Bxf6 25. Qxf6 Nbd3 26. Nc6 Nxc1 27. Rxd7
Qxd7 28. Ne7+ Kf8 29. Nxc8 Kg8 30. Nd6 {(=)} a4 31. Qg5 N1b3 32. Qe3 Qe7 33.
Nxa4 Qa7 34. Qf3 Nxa4 35. Qxb3 Nc5 36. Qb1 Nd7 37. f4 Qa3 38. Qf1 Qe3+ 39. Qf2
Qc1+ 40. Qf1 Qe3+ 1/2-1/2

[Event "BSenEM 2014"]
[Site "Berlin"]
[Date "2014.01.30"]
[Round "1.62"]
[White "Müller, Johannes"]
[Black "Mackowiak, Manfred"]
[Result "1-0"]
[WhiteElo "1694"]
[BlackElo "1274"]
[Annotator "Jaeger,André"]
[PlyCount "113"]
[EventDate "2014.01.30"]
[WhiteTeam "SC Friesen Lichtenberg e.V."]
[BlackTeam "SC Rochade e.V."]

1. e4 c5 2. Nc3 e5 3. g3 Nf6 4. Bg2 Be7 5. d3 h6 6. Nge2 d6 7. h3 Nc6 8. O-O a6
9. a4 O-O 10. f4 Nh7 11. f5 f6 12. Nd5 Bd7 13. Bd2 Rb8 14. a5 Qe8 15. g4 Bd8
16. b3 Bc8 17. h4 g5 18. Kf2 b6 19. axb6 Bxb6 20. Rh1 Kg7 21. Ng3 Ne7 22. hxg5
fxg5 23. c4 Nxd5 24. exd5 Nf6 25. Nh5+ Nxh5 26. Rxh5 Bd8 27. Kg3 Bf6 28. Be4
Qd7 29. Qe2 Rxb3 30. Rah1 Rh8 31. Qh2 Kg8 32. Bxg5 Qg7 33. Bxh6 Qf7 34. Be3
Rxh5 35. Qxh5 Rb7 36. Qxf7+ Kxf7 37. g5 Bxg5 38. Bxg5 Kg8 39. Rh6 a5 40. Rxd6
a4 41. Rd8+ Kf7 42. Rxc8 Ra7 43. Bc1 a3 44. Bxa3 Rxa3 45. Rxc5 Ra6 46. Rc6 Ra7
47. d6 Kg8 48. Bd5+ Kf8 49. Be6 Rg7+ 50. Kf3 e4+ 51. Kxe4 Rg4+ 52. Ke5 Kg7 53.
f6+ Kg6 54. Bxg4 Kg5 55. Bf5 Kh6 56. Kf4 Kh5 57. Rc8 1-0

[Event "BSenEM 2014"]
[Site "Berlin"]
[Date "2014.01.30"]
[Round "1.63"]
[White "Tham, Franz"]
[Black "Mietzelfeldt, Gerhard"]
[Result "1/2-1/2"]
[WhiteElo "1273"]
[BlackElo "1688"]
[Annotator "Jaeger,André"]
[PlyCount "68"]
[EventDate "2014.01.30"]
[WhiteTeam "TSG RW Fredersdorf/Vogelsdorf"]
[BlackTeam "SG Narva Berlin e.V."]

1. Nf3 d5 2. d4 e6 3. c4 c6 4. Nc3 Be7 5. cxd5 exd5 6. Bf4 Nf6 7. h3 h6 8. e3
Nbd7 9. Bd3 O-O 10. Rc1 Nb6 11. Ne5 Be6 12. Ng4 Nxg4 13. hxg4 f5 14. Bxh6 gxh6
15. Rxh6 Rf6 16. Rxf6 Bxf6 17. gxf5 Bd7 18. Qg4+ Kf8 19. Ke2 Qe7 20. Rh1 Qg7
21. Qxg7+ {(=)} Kxg7 22. g4 Rh8 23. Rxh8 Kxh8 24. f4 Be8 25. Kf3 Bh4 26. Nd1
Kg7 27. Nf2 Bf7 28. b3 a5 29. Nh3 a4 30. Ng5 axb3 31. axb3 Bg8 32. Ne6+ Bxe6 {
(=)} 33. fxe6 Kf6 34. f5 Bg5 1/2-1/2

[Event "BSenEM 2014"]
[Site "Berlin"]
[Date "2014.01.30"]
[Round "1.64"]
[White "Trostel, Uwe"]
[Black "Helm, Irmgard"]
[Result "1-0"]
[WhiteElo "1688"]
[BlackElo "1234"]
[Annotator "Jaeger,André"]
[PlyCount "83"]
[EventDate "2014.01.30"]
[WhiteTeam "SF Friedrichshagen"]
[BlackTeam "TSG Oberschöneweide e.V."]

1. d4 d5 2. c4 e6 3. Nf3 Nc6 4. Nc3 Bb4 5. e3 Nf6 6. a3 Be7 7. Bd3 dxc4 8. Bxc4
Na5 9. Bd3 a6 10. Qa4+ Nc6 11. O-O O-O 12. Rd1 Bd7 13. Qc2 Bd6 14. e4 e5 15. d5
Ne7 16. Bg5 h6 17. Bh4 Ng6 18. Bg3 Bg4 19. Be2 Nh5 20. Ne1 Bxe2 21. Nxe2 Ngf4
22. Bxf4 exf4 23. Nf3 g5 24. h3 Qd7 25. e5 Be7 26. e6 fxe6 27. Qg6+ Ng7 28. Ne5
Qb5 29. Nd4 Qxb2 30. Ng4 exd5 31. Nxh6+ Kh8 32. Nf7+ Kg8 33. Nxg5 Bxg5 34. Qxg5
c6 35. h4 Rae8 36. h5 Re4 37. Rab1 Qc3 38. Rxb7 Re1+ 39. Rxe1 Qxe1+ 40. Kh2 Rf7
41. Rb8+ Rf8 42. h6 1-0

[Event "BSenEM 2014"]
[Site "Berlin"]
[Date "2014.01.30"]
[Round "1.65"]
[White "Kuntosch, Peter"]
[Black "Hesselbarth, Dr. Karlheinz"]
[Result "1/2-1/2"]
[WhiteElo "1200"]
[BlackElo "1685"]
[Annotator "Jaeger,André"]
[PlyCount "60"]
[EventDate "2014.01.30"]
[WhiteTeam "ohne Verein"]
[BlackTeam "SC Zugzwang 95 e.V."]

1. e4 c5 2. Nc3 e6 3. g3 Nc6 4. Bg2 Nf6 5. d3 a6 6. Bg5 Be7 7. Nf3 d6 8. O-O
O-O 9. Re1 Qc7 10. Ne2 Bd7 11. c4 Rab8 12. b3 b5 13. cxb5 axb5 14. Qc2 Nb4 15.
Qc3 Rfc8 16. Rec1 Qb6 17. a3 Na6 18. Qd2 h6 19. Be3 Ng4 20. Bf4 c4 21. Be3 Nxe3
22. fxe3 Qxe3+ 23. Qxe3 cxb3 24. Rab1 Rc2 25. Ned4 Rxc1+ 26. Rxc1 Nc5 27. Rb1
Nxd3 28. Rxb3 Nc5 29. Rb1 e5 30. Nc2 f5 {Rest unklar.} 1/2-1/2

[Event "BSenEM 2014"]
[Site "Berlin"]
[Date "2014.01.30"]
[Round "1.66"]
[White "Peter, Dr. Volkhard"]
[Black "Walther, Lothar"]
[Result "1-0"]
[WhiteElo "1676"]
[BlackElo "1165"]
[Annotator "Jaeger,André"]
[PlyCount "120"]
[EventDate "2014.01.30"]
[WhiteTeam "SC Oranienburg e.V."]
[BlackTeam "SV Turbine Berlin e.V."]

1. e4 e6 2. Nf3 c5 3. c3 d5 4. e5 Be7 5. Bb5+ Bd7 6. Qa4 a6 7. Bxd7+ Nxd7 8.
Qg4 g6 9. d4 cxd4 10. cxd4 Qc7 11. O-O O-O-O 12. Bg5 Kb8 13. Nc3 f6 14. exf6
Ngxf6 15. Qxe6 Nf8 16. Qe3 Qd7 17. Qe5+ Qd6 18. Rfe1 Qxe5 19. Rxe5 Rd7 20. Rae1
Bd8 21. Bxf6 Bxf6 22. Rxd5 Kc7 23. Rc5+ Kd6 24. Ne4+ Ke7 25. Neg5+ Kd6 26. Ne4+
Ke7 27. Nxf6+ Kxf6 28. d5 Re7 29. Rxe7 Kxe7 30. Rc7+ Kd6 31. Rxb7 Nd7 32. Ng5
Ne5 33. Rb6+ Kxd5 34. Rxa6 Rc8 35. Ra5+ Kd6 36. Ne4+ Ke6 37. Nc3 Nc4 38. Rb5
Nxb2 39. Rb6+ Kf5 40. Rb5+ Ke6 41. Rxb2 Rxc3 42. f3 Kf5 43. Kf2 h5 44. h4 Ke5
45. Rb5+ Kf6 46. Rb2 Ke5 47. Kg3 Kf5 48. a4 Ra3 49. Rb5+ Kf6 50. a5 Ra4 51.
Rb6+ Kf5 52. Ra6 Rf4 53. Ra8 Ra4 54. a6 Kf6 55. a7 Kg7 56. Kh3 Ra6 57. g4 hxg4+
58. fxg4 Ra3+ 59. Kg2 Kf7 60. Rh8 Rxa7 1-0

[Event "BSenEM 2014"]
[Site "Berlin"]
[Date "2014.01.30"]
[Round "1.67"]
[White "Koppatsch, Dr. Jürgen"]
[Black "Engelhardt, Erhard"]
[Result "0-1"]
[WhiteElo "1134"]
[BlackElo "1674"]
[Annotator "Jaeger,André"]
[PlyCount "118"]
[EventDate "2014.01.30"]
[WhiteTeam "SV Motor Wildau e.V."]
[BlackTeam "SSV Rotation Berlin e.V."]

1. e4 e6 2. Nc3 d5 3. exd5 exd5 4. Nf3 Bg4 5. Be2 c6 6. d4 Bd6 7. h3 Bh5 8. Be3
Nd7 9. a3 Ne7 10. b4 O-O 11. Ng5 Bxe2 12. Nxe2 h6 13. Nf3 Nf5 14. Qd3 Nxe3 15.
fxe3 Re8 16. O-O Qe7 17. Kf2 Nf6 18. Rae1 Ne4+ 19. Kg1 Qc7 20. c4 Qe7 21. c5
Bc7 22. Nf4 Qd7 23. Nd2 f5 24. Nxe4 fxe4 25. Qd1 Bxf4 26. Rxf4 Rf8 27. Rg4 Rf6
28. Rf1 Raf8 29. Rxf6 Rxf6 30. Qe1 Qf7 31. Qe2 Kh7 32. Qe1 g6 33. h4 Rf5 34.
Qe2 Qf6 35. Qe1 h5 36. Rg5 Rxg5 37. hxg5 Qxg5 38. Qf2 Qf5 39. Qh4 Qf7 40. Qg3
Kh6 41. Qh2 Qf6 42. Qg3 Qg5 43. Qf2 Kg7 44. Qe2 Qg3 45. Qc2 g5 46. Qe2 Kg6 47.
Qc2 h4 48. Qf2 Qxf2+ 49. Kxf2 Kf5 50. Kg1 Kg4 51. Kh2 h3 52. a4 hxg2 53. Kxg2
Kh4 54. a5 a6 55. Kh2 g4 56. Kg2 g3 57. Kh1 Kh3 58. Kg1 g2 59. b5 axb5 0-1

[Event "BSenEM 2014"]
[Site "Berlin"]
[Date "2014.01.30"]
[Round "1.68"]
[White "Casny, Guenter"]
[Black "Heyne, Klaus"]
[Result "1-0"]
[WhiteElo "1670"]
[BlackElo "1047"]
[Annotator "Jaeger,André"]
[PlyCount "33"]
[EventDate "2014.01.30"]
[WhiteTeam "SC Rochade e.V."]
[BlackTeam "SV Berolina Mitte e.V."]

1. c4 e5 2. Nc3 Nf6 3. d3 Be7 4. Bg5 O-O 5. g3 Nc6 6. Bg2 d6 7. Nf3 Bd7 8. O-O
Rc8 9. Rb1 a6 10. b4 b6 11. Qd2 Re8 12. a4 Nd4 13. Bxf6 Nxf3+ 14. Bxf3 Bxf6 15.
Bb7 Bh3 16. Bxc8 Bxf1 17. Bg4 1-0